Quizzes
Events
Quiz Creation
Community
Videos
Private Events
Remove Ads
Sign In
Join for FREE
Feedback
Dark Mode
Quiz Categories
Sports
Geography
Music
Movies
Television
Just For Fun
Miscellaneous
History
Literature
Language
Science
Gaming
Entertainment
Religion
Holiday
For Kids
Quiz Lab
Recent
Popular Today
Quiz Kudos Today
Editor Picks
Curator Picks
Quizzes by...
Day
Popularity
Type
Ratings
Length
Year
Community
Subscriptions
Recent Discussions
Orange Saloon
Badges
Playlists
Quests
Create
Leaderboards
Showdown
Live 5
Trivia Bingo
Activity
Puzzle Library
Sporcle Events
Private Events
Virtual Trivia
Globe League
Become a Host
Pub Owners
SporcleCon
Opinionation
Our Games
Videos
Blog
Mobile Apps
Partnerships
Remove Ads and Go Orange
Feedback
Science
Computer
Plants
Astronomy
Chemistry
Elements
Math
Animal
Physics
Anatomy
Biology
Geology
General Science
Science
Computer
Plants
Astronomy
Chemistry
Elements
Math
Animal
Physics
Anatomy
Biology
Geology
General Science
Random Quiz
Search Sporcle
×
Quiz Lab
Quiz Lab
Science
Numbers
Type in answers that appear in a list
Type in answers that appear in a list
Classic
Best Score? Go Orange.
Binary Counting Stats
Can you name the count to 128 in binary?
By
taboco
7m
128 Questions
1,668 Plays
1,668 Plays
1,668 Plays
Comments
Comments
Give Quiz Kudos
Give Quiz Kudos
-
- Ratings
hide this ad
Forced Order
Answers have to be entered in order
Answers have to be entered in order
Replay
Link that replays current quiz
Next Quiz
Link to next quiz in quiz playlist
You Got
0%
They Got
Avg Score
55%
Avg Friend Score
Upgrade to see
Score Distribution
Jump to the score distribution portion of the page
Score
0/128
Timer
07:00
0
Plays Today
Number
Binary Form
% Correct
1
1
97.5%
2
10
94.3%
3
11
94.1%
4
100
90.6%
5
101
90.2%
6
110
89.1%
7
111
88.6%
8
1000
87.3%
9
1001
86.8%
10
1010
85.4%
11
1011
83.6%
12
1100
82.3%
13
1101
81.2%
14
1110
80.4%
15
1111
80.3%
16
10000
79.3%
17
10001
78.8%
18
10010
78.3%
19
10011
77.7%
20
10100
76.4%
21
10101
75.9%
22
10110
74.8%
23
10111
74.2%
24
11000
73.4%
25
11001
73%
26
11010
72.5%
27
11011
72%
28
11100
71.1%
29
11101
70.6%
30
11110
70.3%
31
11111
70.1%
32
100000
68.9%
33
100001
67.7%
34
100010
66.8%
35
100011
65.9%
36
100100
65.1%
37
100101
64.9%
38
100110
64.3%
39
100111
64%
40
101000
63.3%
41
101001
63%
42
101010
62.3%
43
101011
62%
Number
Binary Form
% Correct
44
101100
61%
45
101101
60.8%
46
101110
60.4%
47
101111
60.1%
48
110000
59.9%
49
110001
59.6%
50
110010
59.3%
51
110011
58.8%
52
110100
58.2%
53
110101
58%
54
110110
57.8%
55
110111
57.6%
56
111000
57.3%
57
111001
57.1%
58
111010
56.7%
59
111011
56.5%
60
111100
56.1%
61
111101
55.9%
62
111110
55.7%
63
111111
55.7%
64
1000000
55.6%
65
1000001
54.6%
66
1000010
54.3%
67
1000011
53.5%
68
1000100
52.8%
69
1000101
52.3%
70
1000110
51.9%
71
1000111
51.7%
72
1001000
51.2%
73
1001001
50.9%
74
1001010
50.7%
75
1001011
50.5%
76
1001100
49.8%
77
1001101
49.4%
78
1001110
48.9%
79
1001111
48.4%
80
1010000
48.1%
81
1010001
47.8%
82
1010010
47.5%
83
1010011
46.9%
84
1010100
46.7%
85
1010101
46.3%
86
1010110
45.6%
Number
Binary Form
% Correct
87
1010111
45.1%
88
1011000
44.7%
89
1011001
44.2%
90
1011010
43.9%
91
1011011
43.3%
92
1011100
43%
93
1011101
42.4%
94
1011110
42.3%
95
1011111
42%
96
1100000
41.9%
97
1100001
41.5%
98
1100010
40.9%
99
1100011
40.7%
100
1100100
40.6%
101
1100101
40%
102
1100110
39.7%
103
1100111
39.3%
104
1101000
38.8%
105
1101001
38.6%
106
1101010
38.2%
107
1101011
37.9%
108
1101100
37.3%
109
1101101
36.9%
110
1101110
36.2%
111
1101111
35.6%
112
1110000
35.2%
113
1110001
34.7%
114
1110010
34%
115
1110011
33.3%
116
1110100
32.9%
117
1110101
32.6%
118
1110110
32.2%
119
1110111
31.6%
120
1111000
31.5%
121
1111001
30.8%
122
1111010
30.1%
123
1111011
29.7%
124
1111100
29.3%
128
10000000
29.3%
125
1111101
29%
126
1111110
28.7%
127
1111111
28.5%
Quiz Playlist
Details
Report
Send in Message
Add To Playlist
Classic:
Type in answers that appear in a list
Forced Order:
Answers have to be entered in order
Last Updated: Feb 16, 2017
Quiz Scoreboard
CHALLENGE
Sign Up to Join the Scoreboard
Show All
Scores
Hide
Comments
May contain spoilers
Recently Published
College Basketball Coaching Resumes
by pancakes188
Sports
9m
Billboard Blitz: Fleetwood Mac
by CooCooCachoo
Music
15s
Presidents Visiting Landmarks
by Hejman
History
7m
More to Explore
Quiz From the Vault
Featured Blog Post
Where Did the Easter Bunny Come From?
hide this ad
You Might Also Like...
Tags
Numbers Quiz
128
Binary
count
Counting
form
Today's Top Quizzes in Science
Browse Science
hide this ad
Today's Top Quizzes in Numbers
Browse Numbers
Top Contributed Quizzes in Science
1
Quick Pick: Radians
2
Quick Pick: 'CI-CJ' Animals
3
The First 100 Digits of Pi
4
Elements In Images
5
One Thing in Common: Science
6
Name the Acid, Base or Salt
7
Science Jokes
8
One Thing in Common: Science III
9
One Thing in Common: Science II
10
One Thing in Common: Animals
Explore More
Trending Topics
Marvel
Crossword
Disney
NBA
Harry Potter
Anime
Kpop
Country
Pokémon
NFL
Song
The Office
Puzzle
Soccer
WWE
hide this ad
More By:
taboco
Quiz
Plays
Rating
Category
Featured
Created
Binary Counting
1,668
4.50
Science
Feb 21, 2010
Obama Approval by State
488
2.00
Miscellaneous
Feb 26, 2010
sdrawkcaB gnipyT
283
3.00
Just For Fun
Jan 19, 2010
Members by band
224
2.17
Music
Jan 19, 2010
Most popular quizzes
40
1.00
Miscellaneous
Jan 17, 2010
Go to Creator's Profile
Score Distribution
Quiz Creator Spotlight
taboco
Follow
Send a Message
Quizzes Created
-
Created Quiz Play Count
-
More By This Creator
Popular Quizzes Today
1
Find the US States - No Outlines Minefield
2
Find the Countries of Europe - No Outlines Minefield
3
The Countries of the World
4
Find the US States
5
Risky Map Clicking: Biggest States A-Z
6
US States
7
Popular People in 1961
8
Movies - When Are They Set?
More Science Quizzes
Trivia Jigsaw: Elements
Editor's Pick
Trending Quizzes
Risky Map Clicking: Least Populous States A-Z
1-10 Letter G Words
1-10 Letter F Words
Risky Map Clicking: Next State Alphabetically
Risky Map Clicking: Biggest States A-Z
Recently Updated
Leaping Animals
pecheneg
Reality TV Shows (A-Z)
bhenderson79
Rickey Henderson's Hall of Fame Teammates
pecheneg
Champions League XIs: Arsenal
pecheneg
Quick Pick: Celebrities in WWE's Hall of Fame
aduchscher
A-Z Keypad Blitz II
pecheneg
Multiple Oscar Actors
pecheneg
Mystery Phrase Blitz: Oscar 'Best Actors'
pecheneg
F. Scott Fitzgerald Novels
LTH
Pick 3 Villains
ddd62291
Trending Topics
Disney
Kpop
Harry Potter
Anime
Crossword
NBA
Marvel
WWE
NFL
Soccer
Song
Pokémon
Country
The Office
Puzzle
Your Account Isn't Verified!
In order to create a playlist on Sporcle, you need to verify the email address you used during registration. Go to your
Sporcle Settings
to finish the process.
Report this User
Report this user for behavior that violates our
Community Guidelines
.
Details:
Send Report
Go to the Sporcle.com Mobile Site →
Comments